Nečetkije množestva v modeľach upravlenija i skustvennogo intelekta /
Saved in:
| Other Authors: | |
|---|---|
| Format: | Book |
| Language: | Russian |
| Published: |
Moskva :
Nauka,
1986
|
| Edition: | 1.vyd. |
| Tags: |
No Tags, Be the first to tag this record!
|
MARC
| LEADER | 00000nam a22000003a 4500 | ||
|---|---|---|---|
| 001 | stu7521 | ||
| 005 | 20150617225809.5 | ||
| 008 | 950328s1986----xxr-----------------rus-d | ||
| 040 | |a STU |b slo | ||
| 041 | 0 | |a rus | |
| 044 | |a xxr | ||
| 080 | |a 519.711.3 | ||
| 100 | 1 | |a Pospelov, Dmitrij Aleksandrovič |4 com | |
| 245 | 1 | |a Nečetkije množestva v modeľach upravlenija i skustvennogo intelekta / |c Red. Pospelova,D.A | |
| 250 | |a 1.vyd. | ||
| 260 | |a Moskva : |b Nauka, |c 1986 | ||
| 300 | |a 311 s | ||
| 996 | |b E61395 |c E*61395 |l EE03 |s P |a 0 |w stu7521_0001 | ||
| 996 | |c I*10ES3404 |l I |s A |a 24 |w stu7521_0002 | ||